000 00924nam a2200241Ia 4500
003 GCL
008 140319s9999 xx 000 0 ara d
040 _aGCL /
_cGCL
082 0 4 _a614.4
_bز ا
100 1 _aزيدان هنرى عبد الحميد
245 1 0 _aالافات الحشرية والحيوانية: الناقلة لمسببات الامراض المتوطنة والوبائية للانسان والحيوان : الموقف الراهن أفاق المستقبل /
_cزيدان هنرى عبد الحميد
260 _a[S.N] :
_bالمكتبة الاكاديمية ،
_c1995
300 _a704 ص
490 _a
650 0 4 _aالمبيدات
650 0 4 _aالحشرات
650 0 4 _aالافات الحشرية
650 0 4 _aنقل الامراض
650 0 4 _aامراض الانسان
650 0 4 _aامراض الحيوان
650 0 4 _aمكافحة الحشرات
942 _2ddc
_cBK
999 _c36890
_d36890